Livro

Economía y política en la acción sindical

Na minha lista:
Detalhes bibliográficos
Autor principal: Mallet, Serge
Outros Autores: Momigliano, Franco, Anderson, Perry, Pizzorno, Alessandro
Formato: Livro
Idioma:espanhol
Publicado em: Buenos Aires : Ediciones Pasado y presente, 1973
Edição:1a. ed.
coleção:Cuadernos de pasado y presente ; v. 44
Assuntos:

MARC

LEADER 00000nam#a2200000#a#4500
001 008025
005 20160721144553.0
008 011115s1973####ag##################spa#d
040 |a AR-beUNQ 
099 |a 09-E2 
100 1 |a Mallet, Serge 
245 0 0 |a Economía y política en la acción sindical  |c Serge Mallet ; Franco Momigliano ; Perry Anderson....[et al.] 
250 |a 1a. ed. 
260 |a Buenos Aires :  |b Ediciones Pasado y presente,  |c 1973 
300 |a 113 p 
490 0 |a Cuadernos de pasado y presente ;  |v v. 44 
650 7 |a SINDICATOS  |2 Spines 
650 7 |a POLITICA  |2 Spines 
650 7 |a SINDICALISMO  |2 toit 
650 7 |a ACTITUD SINDICAL  |2 toit 
700 1 |a Momigliano, Franco 
700 1 |a Anderson, Perry 
700 1 |a Pizzorno, Alessandro 
929 |a COMPRA  |b César Peón  |d 10,00E  |e 20011115  |f patrimonio  |j 30955 
942 |c LIB  |n 0 
999 |c 10594  |d 85981